Germany's aims in the First World War / (Record no. 24411)
[ view plain ]
| 000 -LEADER | |
|---|---|
| fixed length control field | 01026nam a2200277 a 4500 |
| 001 - CONTROL NUMBER | |
| control field | 24411 |
| 003 - CONTROL NUMBER IDENTIFIER | |
| rucl marc code | BD-RjUL |
| 005 - DATE AND TIME OF LATEST TRANSACTION | |
| control field | 20211209001040.0 |
| 008 - FIXED-LENGTH DATA ELEMENTS--GENERAL INFORMATION | |
| fixed length control field | 140313s1967 enkcfb b 001 0deng d |
| 035 ## - SYSTEM CONTROL NUMBER | |
| System control number | (BD-RjUL)24477 |
| 040 ## - CATALOGING SOURCE | |
| Original cataloging agency | DLC |
| Transcribing agency | INT |
| Modifying agency | m.c |
| -- | BD-RjUL |
| Language of cataloging | eng |
| 041 1# - LANGUAGE CODE | |
| Language code of text/sound track or separate title | eng |
| Language code of original | ger |
| 082 ## - DEWEY DECIMAL CLASSIFICATION NUMBER | |
| Classification number | 940.34 |
| Author mark and year | FIG |
| 100 1# - MAIN ENTRY--PERSONAL NAME | |
| Personal name | Fischer, Fritz, |
| Dates associated with a name | 1908-1999. |
| 9 (RLIN) | 75158 |
| 245 10 - TITLE STATEMENT | |
| Title | Germany's aims in the First World War / |
| Statement of responsibility, etc. | by Fritz Fischer ; with an introduction by James Joll. |
| 260 ## - PUBLICATION, DISTRIBUTION, ETC. (IMPRINT) | |
| Place of publication, distribution, etc. | London : |
| Name of publisher, distributor, etc. | Chatto & Windus, |
| Date of publication, distribution, etc. | 1967. |
| 300 ## - PHYSICAL DESCRIPTION | |
| Pagination | xx, 652 p., 24 plates : |
| Illustrations | ill. ; ; |
| Size | 23 cm. |
| 500 ## - GENERAL NOTE | |
| General note | Translated from the German. Originally published as 'Griff nach der Weltmacht.' 3rd ed., Dusseldorf, Droste, 1961. |
| 504 ## - BIBLIOGRAPHY, ETC. NOTE | |
| Bibliography, etc | Includes bibliography (p. 639-644) and index. |
| 650 #0 - SUBJECT ADDED ENTRY--TOPICAL TERM | |
| Topical term or geographic name as entry element | World War, 1914-1918 |
| General subdivision | Causes. |
| 9 (RLIN) | 72532 |
| Topical term or geographic name as entry element | World War, 1914-1918 |
| Geographic subdivision | Germany. |
| 9 (RLIN) | 75159 |
| 651 #0 - SUBJECT ADDED ENTRY--GEOGRAPHIC NAME | |
| Geographic name | Germany |
| General subdivision | Foreign relations |
| Chronological subdivision | 1888-1918. |
| 9 (RLIN) | 75160 |
| 942 ## - ADDED ENTRY ELEMENTS (KOHA) | |
| Source of classification or shelving scheme | Dewey Decimal Classification |
| Koha item type | Books |
| Lost status | Source of classification or shelving scheme | Damaged status | Not for loan | Collection code | Permanent Location | Current Location | Shelving location | Date acquired | Source of acquisition | Cost, normal purchase price | Total Checkouts | Full call number | Date last seen | Copy number | Koha item type |
|---|---|---|---|---|---|---|---|---|---|---|---|---|---|---|---|
| Dewey Decimal Classification | Added to bundle | Non-fiction | Central Library, University of Rajshahi | Central Library, University of Rajshahi | Reading Room | 29/07/1972 | Book Center | 115.50 | 940.34 FIG 1967 | 13/03/2014 | C-1 | Books |